| 000 | 01102nmc a2200409 a 4500 | ||
|---|---|---|---|
| 003 | AR-BaBNM | ||
| 005 | 20251128204847.0 | ||
| 008 | 156019s1985 ||||||||||||||000 | spa|| | ||
| 020 | _a968-16-2036-4 | ||
| 040 | _cAR-BaBNM | ||
| 245 | 1 | 0 | _aOdisea de la poesía portuguesa moderna |
| 250 | _a1ª ed. | ||
| 260 |
_aMéxico, D.F. _bFondo de Cultura Económica _c1985 |
||
| 300 | 0 | _a195 p. | |
| 490 | 0 |
_aCuadernos de La Gaceta _vv. 8 |
|
| 500 | 0 | _aPrólogo a cargo del compilador | |
| 600 | 1 | 4 | _aPessoa, Fernando |
| 600 | 1 | 4 | _aPessanha, Camilo |
| 600 | 1 | 4 | _aReis, Ricardo |
| 600 | 1 | 4 | _aCampos, Alvaro De |
| 600 | 1 | 4 | _aBotto, Antonio |
| 600 | 1 | 4 | _aSena, Jorge De |
| 600 | 1 | 4 | _aCesariny de Vasconcellos, Mario |
| 600 | 1 | 4 | _aRegio, José |
| 600 | 1 | 4 | _aTorga, Miguel |
| 600 | 1 | 4 | _aMello Breyner Andersen, Sophia De |
| 650 | 4 | _aLITERATURA PORTUGUESA | |
| 650 | 4 | _aPOESIA | |
| 650 | 4 | _aHUMOR | |
| 653 | _aMODERNISMO | ||
| 653 | _aFUTURISMO | ||
| 653 | _aSURREALISMO | ||
| 655 | _aLITERATURA | ||
| 700 | 1 |
_aCervantes, Francisco _ecompilador |
|
| 942 | _cBK | ||
| 998 | _cisola | ||
| 999 |
_c9084 _d9084 |
||